000 00617nam a2200193 i 4500
001 69582
003 ES-MaACL
005 20230906170543.0
007 t|
008 040707s1953 sp ||||1| spa d
100 1 _aGarcía Escudero, José María.
_954570
245 1 0 _aEspaña pie a tierra /
_cJosé María García Escudero.
260 _aMadrid :
_bEditora Nacional,
_c1953 (
_fSucs. de Rivadeneyra)
300 _a308 p. ;
_c22 cm.
490 1 _aLibros de actualidad política ;
_v9
830 0 _aLibros de actualidad política ;
_v9
_9182069
852 _aES-MaACL
_jC-5840
_bR.34832
999 _c69582
_d69582